00569nmm a2200169Ia 4500008004100000020001800041041000800059100002000067245005900087264008500146300001600231490001700247650003100264700002000295700003300315856005100348251105s9999||||xx |||||||||||||||||und|| a9788417805258 aspa aFreestone, P.M. 0aLa flor más oscura. El perfume de las sombras Vol. I a[Madrid, España] :bRoca Editorial, c[Fecha de publicación no identificada] a0 páginas aRoca Juvenil aTeen & Young Adult Fiction aFreestone, P.M.1 a Angulo Fernández, María uhttps://public.digitaliapublishing.com/a/82302